Honor: (Record no. 12570)

000 -LEADER
fixed length control field 00722nam a2200205 a 4500
001 - CONTROL NUMBER
control field :::00010377$&:&@@
003 - CONTROL NUMBER IDENTIFIER
control field OkBaRHE
005 - DATE AND TIME OF LATEST TRANSACTION
control field 20110923174536.0
008 - FIXED-LENGTH DATA ELEMENTS--GENERAL INFORMATION
fixed length control field s1992 j 000 0 eng u
040 ## - CATALOGING SOURCE
Transcribing agency
100 1# - MAIN ENTRY--PERSONAL NAME
Personal name Copeland, Kenneth.
245 10 - TITLE STATEMENT
Title Honor:
Remainder of title walking in honesty, truth and integrity.
260 ## - PUBLICATION, DISTRIBUTION, ETC. (IMPRINT)
Place of publication, distribution, etc Tulsa, OK.,
Name of publisher, distributor, etc Harrison House, Inc.
Date of publication, distribution, etc c1992
300 ## - PHYSICAL DESCRIPTION
Extent 140 p. ;
Dimensions 23 cm.
650 ## - SUBJECT ADDED ENTRY--TOPICAL TERM
Topical term or geographic name as entry element Christian Ethics
650 ## - SUBJECT ADDED ENTRY--TOPICAL TERM
Topical term or geographic name as entry element Christian Living
942 ## - ADDED ENTRY ELEMENTS (KOHA)
Source of classification or shelving scheme
Koha item type Books
Copies
Date acquired Full call number Shelving location Permanent Location Current Location Copy number Date checked out Koha item type Total Checkouts Price effective from Source of classification or shelving scheme Barcode Not for loan Withdrawn status Date last seen Lost status Damaged status
2010-04-14BV 4501 .C6General StacksRHEMA Bible Training College 1 Books 2010-04-14 10377  2010-04-14  
2010-04-14BV 4501 .C6General StacksRHEMA Bible Training CollegeRHEMA Bible Training College2 Books 2010-04-14 20702  2010-04-14  
2011-10-11BV 4501 .C6General StacksRHEMA Bible Training CollegeRHEMA Bible Training College32012-02-29Books32011-10-11 22167  2012-03-07